| 000 | 00000nam##2200000za#4500 |
| 001 | 9.616284 |
| 003 | CaOODSP |
| 005 | 20211126112847 |
| 007 | ta |
| 008 | 150406|2003||||xxc||||| f|0| 0 eng|d |
| 022 | |a1192-5434 |
| 040 | |aCaOODSP|beng |
| 043 | |an-cn--- |
| 086 | 1 |aFB3-2/103-5E |
| 110 | 2 |aBank of Canada. |
| 245 | 10|aShift contagion in asset markets / |cby Toni Gravelle, Maral Kichian , and James Morley. |
| 260 | |bBank of Canada |c2003. |
| 300 | |av, 30p. : |bgraphs, references, tables ; |c28 cm. |
| 490 | 1 |aWorking paper|x1192-5434|v2003-5 |
| 546 | |aRésumés en français. |
| 563 | |aSoftcover |
| 590 | |a03-11|b2003-03-14 |
| 690 | 07|aStatistics|2gcpds |
| 690 | 07|aStock markets|2gcpds |
| 720 | 1 |aGravelle, Toni |
| 720 | 1 |aMisina, Miroslav |
| 720 | 1 |aMorley, James |
| 776 | 0#|tShift contagion in asset markets / |w(CaOODSP)9.580556 |
| 830 | #0|aWorking paper,|x1192-5434|v2003-5|w(CaOODSP)9.514622 |